Guia d'equipaments d'educació ambiental i ús públic
Publicado:
[Barcelona] :
Diputació de Barcelona. Àrea de Territori i Sostenibilitat : Xarxa de Parcs Naturals, [2014]
Descripción Física:
129 p. : il. ; 22 cm
MARC
| LEADER | 00000nam a2200000Ia 4500 | ||
|---|---|---|---|
| 001 | 24427 | ||
| 008 | 160829s9999 xx 000 0 cat d | ||
| 080 | |a FU-67-11 | ||
| 245 | |a Guia d'equipaments d'educació ambiental i ús públic | ||
| 260 | |a [Barcelona] : |b Diputació de Barcelona. Àrea de Territori i Sostenibilitat : |b Xarxa de Parcs Naturals, [2014] | ||
| 300 | |a 129 p. : |b il. ; |c 22 cm | ||
| 650 | 0 | |a Educació ambiental |z Barcelona (Província) |v Guies |9 46476 | |
| 650 | |a Equipaments culturals |x Barcelona |x Guies |9 46477 | ||
| 710 | 1 | |a Barcelona (Catalunya : Província). |b Xarxa de Parcs Naturals |9 7250 | |
| 710 | 1 | |a Barcelona (Catalunya : Província). |b Àrea de Territori i Sostenibilitat |9 52770 | |
| 901 | |a Arxiu | ||
| 942 | |n 1 | ||
| 952 | |0 0 |1 0 |4 0 |6 FU6711 |7 1 |9 55636 |a Arxiu |b Arxiu |d 2016-12-01 |l 0 |o FU-67-11 |p 24427 |r 2016-12-01 00:00:00 |w 2016-12-01 |y ARXIU | ||
| 999 | |c 59509 |d 59509 | ||